• 首页
  • 本馆介绍
  • 公告通知
  • 最新文献
  • 馆藏检索
  • 电子资源
  • 读者导购
  • 参考咨询
  • 我的图书馆
  • 登录
  • 详细信息显示
  • 放入我的书架
  • 预约/预借图书
  • 作者相关作品
  • 分类相关作品
  • 丛书相关作品
  • 出版社相关作品

书目信息

  • 表格格式
  • 工作单格式
  • 卡片格式
题名:
SAS统计分析
    
 
作者: 沈其君 主编
分册:  
出版信息: 南京   东南大学  2001
页数: 221页
开本: 26cm
丛书名: 信息与计算科学丛书
单 册:
中图分类: R195.1
科图分类:
主题词: 统计分析--应用软件,SAS
电子资源:
ISBN: 7-81050-674-9
000 00617nam0 2200217 45
001 0302241578
005 20031219104111.1
010    @a7-81050-674-9@dCNY23.00
100    @a20030224d2001 km y0chiy0120 ea
101 0  @achi
105    @a z 000yy
200 1  @aSAS统计分析@ASAS Tong Ji Fen Xi@f沈其君主编@FShen Qi Jun Zhu Bian
210    @a南京@c东南大学@d2001
215    @a221页@d26cm
225    @a信息与计算科学丛书
410    @12001 @a信息与计算科学丛书
606 0  @a统计分析@x应用软件,SAS
690    @aR195.1@v4
701  0 @a沈其君@4主编
801    @aCN@bTSTC@c20030616
905    @b323977-986@dR195.1@e71@f10
    
    SAS统计分析/沈其君主编.-南京:东南大学,2001
    221页;26cm.-(信息与计算科学丛书)
    
    
    ISBN 7-81050-674-9:CNY23.00
    
●
相关链接 在E读中查询图书 在五车中查询图书 在当当中查询图书 在豆瓣中查询图书


正题名:SAS统计分析     索取号:R195.1/71         预约/预借

序号 登录号 条形码 馆藏地/架位号 状态 备注
1 0323977   203239771   第三借阅区/ [索取号:R195.1/71] 在馆    
2 0323978   203239780   教育系资料室/ [索取号:R195.1/71] 在馆    
3 0323979   203239799   教育系资料室/ [索取号:R195.1/71] 在馆    
4 0323980   203239806   教育系资料室/ [索取号:R195.1/71] 在馆    
5 0323981   203239815   教育系资料室/ [索取号:R195.1/71] 在馆    
6 0323982   203239824   教育系资料室/ [索取号:R195.1/71] 在馆    
7 0323983   203239833   第三借阅区/ [索取号:R195.1/71] 在馆    
8 0323984   203239842   第三借阅区/ [索取号:R195.1/71] 在馆    
9 0323985   203239851   第三借阅区/ [索取号:R195.1/71] 在馆    
10 0323986   203239860   第二样本阅览室/ [索取号:R195.1/71] 在馆    
唐山师范学院图书馆 欢迎您!
大连网信软件有限公司© 版权所有